Miriam, the Virgin of Nazareth. (Record no. 4484)

MARC details
000 -LEADER
fixed length control field 00609nam a2200241 a 4500
020 ## - INTERNATIONAL STANDARD BOOK NUMBER
ISBN
082 00 - DEWEY DECIMAL CLASSIFICATION NUMBER
Classification number 232.91
Author Cutter BUK
100 ## - MAIN ENTRY--AUTHOR NAME
Author name Buksbazen, Victor
245 ## - TITLE STATEMENT
Title Miriam, the Virgin of Nazareth.
260 ## - PUBLICATION, DISTRIBUTION, ETC. (IMPRINT)
Place of publication Philadelphia
Name of publisher Spearhead Press
Year of publication 1963
300 ## - PHYSICAL DESCRIPTION
Number of Pages 239p
500 ## - GENERAL NOTE
General note includes index and biblioraphy
505 2# - FORMATTED CONTENTS NOTE
Formatted contents note appendix, bibliography and indexes.
650 ## - SUBJECT ADDED ENTRY--TOPICAL TERM
Topical Term Mariology
942 ## - ADDED ENTRY ELEMENTS (KOHA)
Koha item type Books
700 1# -
-- Buksbazen, Victor
Holdings
Collection code Home library Current library Date acquired Cost, normal purchase price Full call number Accession Number Koha item type
  Henry Martyn Institute Library Henry Martyn Institute Library 06/19/2007 100.00 232.91 BUK 08610 Books
                   Copyright © 2026 | Henry Martyn Institute | Hyderabad | TS-500052 | INDIA | Implemented by hmi.edu.in
Hit-Count:

Powered by Koha